History of science, philosophy and culture in Indian civilization / (Record no. 42329)
[ view plain ]
| 000 -LEADER | |
|---|---|
| fixed length control field | 00923nam a22002297a 4500 |
| 005 - DATE AND TIME OF LATEST TRANSACTION | |
| control field | 2010081707467.0 |
| 010 ## - LCCN (DPL NO) | |
| LC control number | ENG-100723 |
| 020 ## - INTERNATIONAL STANDARD BOOK NUMBER | |
| Terms of availability | 1950.00 |
| International Standard Book Number | 0195689674 |
| 020 ## - INTERNATIONAL STANDARD BOOK NUMBER | |
| Terms of availability | 1950.00 |
| International Standard Book Number | 9780195689679 |
| 035 ## - SYSTEM CONTROL NUMBER | |
| System control number | EN-84256 |
| 037 ## - SOURCE OF ACQUISITION | |
| Source of stock number/acquisition | DBAD/PUB |
| 082 ## - DEWEY DECIMAL CLASSIFICATION NUMBER | |
| Classification number | 954 |
| 245 ## - TITLE STATEMENT | |
| Title | History of science, philosophy and culture in Indian civilization / |
| Statement of responsibility, etc | edited by D.P. Chattopadhyaya [and] Sabyasachi Bhattacharya |
| 260 ## - PUBLICATION, DISTRIBUTION, ETC. (IMPRINT) | |
| Place of publication, distribution, etc | New Delhi |
| Name of publisher, distributor, etc | Oxford University Press |
| Date of publication, distribution, etc | 2007 |
| 270 ## - ADDRESS | |
| City | New Delhi |
| Address | YMCA Library Building, Jai Singh Road |
| Postal code | 110001 |
| 300 ## - PHYSICAL DESCRIPTION | |
| Extent | v.10 pt.5 (xliv,419p.) |
| Dimensions | 28cm (Hb) |
| 505 ## - FORMATTED CONTENTS NOTE | |
| Formatted contents note | V.10 - Development of modern Indian thought and the social sciences |
| 700 ## - ADDED ENTRY--PERSONAL NAME | |
| Personal name | Chattopadhyaya, D.P. |
| 9 (RLIN) | 14508 |
| 700 ## - ADDED ENTRY--PERSONAL NAME | |
| Personal name | Bhattacharya, Sabyasachi |
| 9 (RLIN) | 14509 |
| 942 ## - ADDED ENTRY ELEMENTS (KOHA) | |
| Source of classification or shelving scheme | Dewey Decimal Classification |
| Item type | English Books |
| Classification part | 954 |
| Call number suffix | HIS |
| Withdrawn status | Lost status | Not for loan | Collection code | Home library | Current library | Date acquired | Source of acquisition | Cost, normal purchase price | Full call number | Barcode | Copy number | Cost, replacement price | Koha item type |
|---|---|---|---|---|---|---|---|---|---|---|---|---|---|
| Not For Loan | Non-fiction | D.B.Act.Division | D.B.Act.Division | 17/08/2010 | DBAD/PUB | 1950.00 | 954 HIS | EN-84256 | 1 | 1950.00 | English Books |
